| 000 | 00497nam a2200181Ia 4500 | ||
|---|---|---|---|
| 005 | 20250508154827.0 | ||
| 008 | 008 250505s9999 xx 000 0 eng d | ||
| 037 | _aTextual | ||
| 040 |
_aFEDL _beng _cFEDL |
||
| 041 |
_aeng _2eng |
||
| 084 |
_aB, ZAK _qFEDL |
||
| 100 | _aNoorani A G | ||
| 245 | 0 | _aPresident Zakir Husain: A quest for excellence | |
| 260 |
_aBombay, India _bPopular Prakashan _c1967 |
||
| 300 | _axvi,128p. | ||
| 942 |
_cTEXL _hB, ZAK |
||
| 999 |
_c1352349 _d1352349 |
||